|
|
|
|
| LEADER |
00982nam a2200217 a 4500 |
| 001 |
7526592 |
| 008 |
100124s1977 ja b b 000 0 eng d |
| 040 |
|
|
|a BD-DhAAL
|c BD-DhAAL
|d BD-DhAAL
|
| 082 |
0 |
0 |
|a 301.45/095
|2 18
|
| 245 |
1 |
0 |
|a Identity and justice :
|b report of an ad hoc meeting on race and minority issues in Asia, Hong Kong, March 1977
|
| 260 |
|
|
|a Tokyo :
|b Urban Rural Mission, Christian Conference of Asia,
|c c1977
|
| 300 |
|
|
|a 64 p., :
|b maps ;
|c 21 cm.
|
| 504 |
|
|
|a Includes Bibliographical references.
|
| 541 |
1 |
|
|e 00003505
|
| 650 |
|
0 |
|a Minorities
|z Asia
|
| 650 |
|
|
|x Religious aspects
|x Christianity
|z Asia
|
| 650 |
|
0 |
|a Discrimination
|z Asia
|
| 710 |
1 |
|
|a Christian Conference of Asia
|b Urban Rural Mission
|
| 852 |
4 |
|
|a Ayesha Abed Library
|j General shelf
|
| 999 |
|
|
|c 7237
|d 7237
|
| 952 |
|
|
|0 0
|1 0
|2 ddc
|4 0
|6 301_450950000000000_IDE_1977
|7 0
|9 7707
|a BRACUL
|b BRACUL
|c GEN
|d 2010-02-02
|g 0.00
|l 1
|o 301.45095 IDE
|p 3010001875
|r 2011-08-23
|s 2011-08-17
|t 2
|w 2010-02-02
|y BK
|z Not price in Register
|